[Event "Landesliga U20 Sued 1516"]
[Site "Bayern"]
[Date "2016.01.23"]
[Round "5.3"]
[White "Daenekamp, Felix"]
[Black "Dittrich, Ludwig"]
[Result "1-0"]
[WhiteElo "1589"]
[BlackElo "1337"]
[PlyCount "63"]
[EventDate "2015.11.21"]
[EventType "team-tourn"]
[EventRounds "7"]
[EventCountry "GER"]
[SourceTitle "EXT 2022"]
[Source "ChessBase"]
[SourceDate "2021.10.06"]
[SourceVersion "1"]
[SourceVersionDate "2021.10.06"]
[SourceQuality "1"]
[WhiteTeam "Ebersberg Grafing U20"]
[BlackTeam "Forstenried U20"]
[WhiteTeamCountry "GER"]
[BlackTeamCountry "GER"]

1. Nf3 d5 2. g3 Nf6 3. Bg2 Nc6 4. 0-0 Bg4 5. d3 h6 6. c4 e6 7. Nc3 Bc5 8. a3 d4 9. b4 Bxb4 10. axb4 dxc3 11. Qc2 Nxb4 12. Qa4+ Nc6 13. Re1 0-0 14. Qb3 b6 15. Qxc3 Rc8 16. Ne5 Nxe5 17. Qxe5 a5 18. Ba3 c5 19. d4 Re8 20. dxc5 Nd7 21. Qf4 Bf5 22. cxb6 Nxb6 23. c5 Nd5 24. Bxd5 Qxd5 25. e4 g5 26. Qe3 Qc6 27. exf5 exf5 28. Qc3 a4 29. Re5 Rcd8 30. Rxf5 Re2 31. Bb2 Kf8 32. Qg7+ 1-0

[Event "Landesliga U20 Sued 1516"]
[Site "Bayern"]
[Date "2016.01.23"]
[Round "4.3"]
[White "Dittrich, Ludwig"]
[Black "Muenk, Robin"]
[Result "1-0"]
[WhiteElo "1337"]
[BlackElo "1168"]
[PlyCount "83"]
[EventDate "2015.11.21"]
[EventType "team-tourn"]
[EventRounds "7"]
[EventCountry "GER"]
[SourceTitle "EXT 2022"]
[Source "ChessBase"]
[SourceDate "2021.10.06"]
[SourceVersion "1"]
[SourceVersionDate "2021.10.06"]
[SourceQuality "1"]
[WhiteTeam "Forstenried U20"]
[BlackTeam "Vaterstetten Grasbrunn U20"]
[WhiteTeamCountry "GER"]
[BlackTeamCountry "GER"]

1. e4 e5 2. Nf3 Nc6 3. Nc3 Nf6 4. d4 exd4 5. Nxd4 Bc5 6. Be3 d6 7. Bb5 Bd7 8. 0-0 Nxd4 9. Bxd7+ Qxd7 10. Bxd4 Qe6 11. Bxc5 dxc5 12. e5 Rd8 13. Qf3 Nd5 14. Nb5 Qc6 15. c4 0-0 16. cxd5 Qxb5 17. b3 c4 18. Qe2 Qxd5 19. bxc4 Qe6 20. Qe4 c6 21. Rab1 Rd7 22. a4 b6 23. Rb3 Rfd8 24. Rh3 h6 25. Qe2 Rd4 26. Rc3 Rc8 27. h3 b5 28. axb5 cxb5 29. c5 b4 30. Rc2 a5 31. Qe3 a4 32. Qxd4 Qb3 33. Rb2 Qc3 34. Rxb4 Rxc5 35. Rb8+ Kh7 36. Qe4+ g6 37. Qxa4 Rxe5 38. Qd7 Kg7 39. Qd8 g5 40. Qh8+ Kg6 41. Rb6+ Kh5 42. Qxh6# 1-0

[Event "Landesliga U20 Sued 1516"]
[Site "Bayern"]
[Date "2015.12.19"]
[Round "2.2"]
[White "Dittrich, Ludwig"]
[Black "Joebges, Nico"]
[Result "0-1"]
[WhiteElo "1337"]
[BlackElo "1651"]
[PlyCount "120"]
[EventDate "2015.11.21"]
[EventType "team-tourn"]
[EventRounds "7"]
[EventCountry "GER"]
[SourceTitle "EXT 2022"]
[Source "ChessBase"]
[SourceDate "2021.10.06"]
[SourceVersion "1"]
[SourceVersionDate "2021.10.06"]
[SourceQuality "1"]
[WhiteTeam "Forstenried U20"]
[BlackTeam "Muenchen Tarrasch U20"]
[WhiteTeamCountry "GER"]
[BlackTeamCountry "GER"]

1. e4 c5 2. Nc3 e6 3. Nf3 Nc6 4. Bc4 d6 5. d4 cxd4 6. Nxd4 a6 7. Nxc6 bxc6 8. Be3 d5 9. exd5 cxd5 10. Bb3 Bb4 11. Bd4 Nf6 12. 0-0 0-0 13. a3 Be7 14. Qf3 Qc7 15. Rae1 Bb7 16. Na4 Bc6 17. Bb6 Qb7 18. Bc5 Bb5 19. Bxe7 Qxe7 20. c4 dxc4 21. Bd1 c3 22. Be2 Bxa4 23. Qxc3 Nd5 24. Qh3 Bb5 25. Bd3 Bxd3 26. Qxd3 Qb7 27. Qd4 Rfd8 28. Rd1 Qb6 29. Qe4 Nf6 30. Qf3 Qxb2 31. Rd3 Rd5 32. Rb3 Qe5 33. Rd3 Rad8 34. Rc1 Rxd3 35. Qxd3 Qe1+ 36. Rxe1 Rxd3 37. h3 Rxa3 38. Rd1 Nd5 39. Rc1 g6 40. Rc8+ Kg7 41. Ra8 Ra1+ 42. Kh2 a5 43. f3 a4 44. g4 a3 45. Kg3 a2 46. h4 Rg1+ 47. Kf2 a1Q 48. Rxa1 Rxa1 49. h5 gxh5 50. gxh5 Kh6 51. f4 Kxh5 52. f5 Ra3 53. Ke2 Kg4 54. fxe6 fxe6 55. Kf2 Re3 56. Kg2 Re2+ 57. Kf1 Ra2 58. Ke1 h5 59. Kd1 h4 60. Ke1 h3 0-1